| 000 | 00572nam a2200169 a 4500 | ||
|---|---|---|---|
| 001 | 0837 | ||
| 005 | 20140414131854.0 | ||
| 008 | 040930s19uu xx 00 eng d | ||
| 020 | _a0-663-61222-5 | ||
| 050 |
_aM 808.83 _bLi71 1997 |
||
| 245 |
_aLiterature works : _ba collection of readings (collections 3/1). |
||
| 260 |
_aNeedham Heights, MA : _bSilver Burdette Ginn, _c1997. |
||
| 300 | _a303 p. ; cm. | ||
| 500 | _aContents: Themes: Creative imaginatons--Wonder of the sea--Our families, Our communities. | ||
| 650 | _aCollection of short stories. | ||
| 999 |
_c110374 _d110374 |
||